| 000 | 00710nam a22002057a 4500 | ||
|---|---|---|---|
| 005 | 20230313070254.0 | ||
| 008 | 230313b |||||||| |||| 00| 0 eng d | ||
| 020 | _a978-1-138-19023-8 | ||
| 082 | _aG.S. 370.91732 L731 2017 | ||
| 100 |
_aLilly, Catherine Compton. _eauthor. |
||
| 245 |
_aReading students' lives: _bliteracy learning across time / _cCatherine Compton-Lilly. |
||
| 300 |
_axviii, 140p. ; _bill. |
||
| 504 | _aIncludes bibliographical references and index. | ||
| 541 | _e5842 | ||
| 650 |
_aUrban youth _xBooks and reading |
||
| 650 |
_aReading _vParent participative |
||
| 650 |
_aUrban youth _xBooks and reading |
||
| 650 | _aHome and school | ||
| 650 |
_aHigh school students _xBooks and reading |
||
| 999 |
_c1765 _d1765 |
||